|
|
|
|
| LEADER |
00000nam a2200000 a 4500 |
| 001 |
vtls001440388 |
| 003 |
SK-MaSNL |
| 005 |
20260301103741.0 |
| 008 |
020905sm y0 DE a r 0 ger |
| 020 |
|
|
|a 3810033898
|c [567,00]
|
| 035 |
|
|
|a SNK000395556
|
| 040 |
|
|
|a SNK
|b slo
|c SNK
|e AACR2
|
| 044 |
|
|
|a DE
|
| 072 |
|
7 |
|a 32
|2 konspekt
|
| 072 |
|
7 |
|a 004.7
|2 konspekt
|
| 080 |
|
|
|a 004.738.5
|2 1981
|
| 080 |
|
|
|a 316.334.52
|2 1981
|
| 080 |
|
|
|a (32)
|2 1981
|
| 080 |
|
|
|a (082)
|2 1981
|
| 245 |
1 |
|
|a Kursbuch Internet und Politik
|c Alexander Siedschlag, Alexander Bilgeri, Dorothea Lamatsch (Hrsg.)
|n Band 1/2002
|p Schwerpunkt: Wahlkampf im Netz
|
| 260 |
|
|
|a Opladen
|b Leske + Budrich
|c 2002
|
| 300 |
|
|
|a 138 s.
|b grafy
|c 24 cm
|
| 650 |
0 |
7 |
|a internet
|2 SNK
|9 1833
|
| 650 |
0 |
7 |
|a politika
|2 SNK
|9 968
|
| 650 |
0 |
7 |
|a politika
|2 konspekt
|9 968
|
| 650 |
0 |
7 |
|a počítačové siete
|2 SNK
|9 703
|
| 655 |
|
7 |
|a zbierky
|2 SNK
|9 70533
|
| 655 |
|
7 |
|a zborníky
|2 SNK
|9 70165
|
| 700 |
1 |
|
|a Siedschlag, Alexander
|4 edi
|9 441435
|
| 700 |
1 |
|
|a Bilgeri, Alexander
|4 edi
|9 441436
|
| 700 |
1 |
|
|a Lamatsch, Dorothea
|4 edi
|9 441437
|
| 919 |
|
|
|a 3-8100-3389-8
|
| 999 |
|
|
|c 696154
|d 698084
|
| 952 |
|
|
|t P60, <04>, [BOOK], {604}
|a SNK
|b SNK
|y VYP
|7 0
|p 17A0356796
|o snkIC 130228/1
|i snkV 1107/2002
|0 0
|1 0
|4 0
|d 2002-09-20
|l 0
|r 2005-01-02 00:00:00
|w 2026-02-23
|